Nyolc pályázó adta be kérvényét a szegedi egyetem nőgyógyászati tanszékére

Elmentve itt :
Bibliográfiai részletek
Dokumentumtípus: Cikk
Megjelent: 1927-03-01
Sorozat:Délmagyarország 3 No. 48
Kulcsszavak:Kubinyi Pál, Kuncz Andor, Berecz János, Burger Károly, Monsfeld Géza, Fekete Sándor, Lehoczky-Semmelweiss Kálmán, Windisch Ödön, Kaledei József, Nőgyógyászati Klinika vezetése Szeged 1927
Online Access:http://dmarchiv.bibl.u-szeged.hu/31303
LEADER 00640nab a2200145 i 4500
001 delm31303
005 20180927102625.0
008 180927s1927 hu o 0|| hun d
040 |a SZTE Délmagyarország Archívum  |b hun 
041 |a hun 
245 0 0 |a Nyolc pályázó adta be kérvényét a szegedi egyetem nőgyógyászati tanszékére  |h [elektronikus dokumentum] 
260 |c 1927-03-01 
300 |a 5 
490 0 |a Délmagyarország  |v 3 No. 48 
695 |a Kubinyi Pál, Kuncz Andor, Berecz János, Burger Károly, Monsfeld Géza, Fekete Sándor, Lehoczky-Semmelweiss Kálmán, Windisch Ödön, Kaledei József, Nőgyógyászati Klinika vezetése Szeged 1927